Kanada

Bibliographic Details
Main Author: Chochol, Bohumír (Author)
Format: Book
Language:Undetermined
PhysicalDescription:205 s.
Published: Praha Svoboda 1970

MARC

LEADER 00000nam a2200000 a 4500
001 vtls001349495
003 SK-MaSNL
005 20260301200815.0
008 240318s1970 xx 0 und
035 |a SNK000302805 
040 |a SNK  |b slo  |c SNK  |e AACR2 
100 1 |a Chochol, Bohumír  |4 aut  |9 580475 
245 1 0 |a Kanada 
260 |a Praha  |b Svoboda  |c 1970 
300 |a 205 s. 
958 |a OND 
999 |c 892129  |d 894059 
952 |t P60, <04>, [BOOK], {604}  |a SNK  |b SNK  |y VYP  |7 0  |p 17A0170100  |o snkID 53144 D1  |0 0  |1 1  |4 0  |d 1998-11-25  |l 0  |r 2005-01-02 00:00:00  |w 2026-02-24